01499nam a2200265Ia 4500003000400000005001700004008004100021020001800062040002100080041000800101082002800109100004500137245017900182250002200361260004900383300004400432504002800476505027400504520021900778650004300997650006901040700004401109700004001153700004001193OSt20200513115907.0191128s2009 ck ad gr 000 0dspa d a9789587380477 aCO-JMCRcCO-JMCR0 aspa04a307 .1416 / bS348b2231 aSilva Nigrinis, Alicia Eugenia, eautora10aBogotá, de la construcción al deterioro : b1995-2007 /cAlicia Eugenia Silva Nigrinis, Federico Pérez Fernández, Francisco Ruiz Perdonard, Tomás Martín Jiménez aPrimera edición aBogotá : bUniversidad del Rosario, c2009 a181 páginas : bgráficos ; c24 cm. aIncluye bibliografía. aLos problemas del gobierno de Bogotá -- Cultura ciudadana como innovación en política pública: la primera administración de Antanas Mockus (1995-1997) -- La ciudad para la gente: la administración de Enrique Peñalosa (1998-2000) -- Construir sobre lo cons aEste libro estudia comparativamente las principales políticas públicas que se aplicaron en Bogotá en las alcaldías de Antana Mockus, Enrique Peñalosa, la segunda de Antanas Mockus y luis Eduardo Garzón.14aDesarrollo urbanozBogotá (Colombia)24aSociología urbana Rehabilitación urbanazBogotá (Colombia)1 aPérez Fernández, Federico, eautor1 aRuiz Perdonard, Francisco, eautor 1 aMartín Jiménez, Tomás,eautor